000 00473cam a2200145 4500500
005 20260201141934.0
041 _afre
042 _adc
100 1 0 _aEdzima, Martin
_eauthor
245 0 0 _aEssai d'analyse sur la sorcellerie en Afrique noire
260 _c2005.
500 _a43
786 0 _nPrésence Africaine | 172 | 2 | 2005-06-01 | p. 51-56 | 0032-7638
856 4 1 _uhttps://shs.cairn.info/revue-presence-africaine-2005-2-page-51?lang=fr&redirect-ssocas=7080
999 _c1642788
_d1642788